States With The Most Single Mothers - Statistics

General Stats
  • This quiz has been taken 52 times
  • The average score is 9 of 10
Answer Stats
Percent State % Correct
9.07% Georgia
98%
8.93% South Carolina
98%
8.95% Alabama
95%
11.24% Mississippi
95%
9.13% Arkansas
93%
10.46% Louisiana
90%
9.16% Texas
90%
9.15% Kentucky
88%
8.77% New Mexico
83%
8.83% Ohio
80%
No matching quizzes found
Score Distribution
Percent of People with Each Score
Percentile by Number Answered
Your Score History
You have not taken this quiz